Jueces sin toga : políticas judiciales y toma de decisiones en el Tribunal Constitucional del Ecuador (1999-2007) /

Este libro analiza de forma sistemática tanto el comportamiento de los jueces como los procesos de toma de decisiones judiciales que se verifican en las cortes de América Latina. Recurriendo a herramientas conceptuales provenientes de la teoría política positiva, el elector racional y el nuevo insti...

Descripción completa

Detalles Bibliográficos
Autor principal: Basabe Serrano, Santiago
Formato: Libro
Lenguaje:inglés
Publicado: Quito FLACSO 2011
Colección:Atrio
Materias:
Acceso en línea:

MARC

LEADER 00000cam a2200000 a 4500
001 012045
003 UAHC_CL
005 20170803120847.0
008 141125b xx j 000 1 eng
020 |a 9789978672822 
040 |a UAHC_CL  |c UAHC_CL  |d UAHC_CL 
100 1 |a Basabe Serrano, Santiago. 
245 1 0 |a Jueces sin toga :  |b políticas judiciales y toma de decisiones en el Tribunal Constitucional del Ecuador (1999-2007) /  |c Santiago Basabe Serrano. 
260 |b FLACSO  |a Quito  |c 2011 
300 |a 217 p. 
490 0 |a Atrio 
520 |a Este libro analiza de forma sistemática tanto el comportamiento de los jueces como los procesos de toma de decisiones judiciales que se verifican en las cortes de América Latina. Recurriendo a herramientas conceptuales provenientes de la teoría política positiva, el elector racional y el nuevo institucionalismo en Ciencia Política, el autor argumenta que las condiciones de inestabilidad en la que se desenvuelven los jueces generan efectos sobre la conformación de las cortes, el voto de los jueces y la calidad de las decisiones. 
650 4 |a JUSTICIA  |z ECUADOR 
650 4 |a JUSTICIA  |x ADMINISTRACION  |z ECUADOR 
653 |a SOCIOLOGIA 
900 |a 347.014 BAS 
942 |c BK 
952 |0 0  |1 0  |4 0  |6 347_014000000000000_BAS  |7 0  |8 General  |9 24550  |a BC  |b BC  |c General  |d 2017-08-03  |l 0  |o 347.014 BAS  |p 1460622  |r 2017-08-03 00:00:00  |t 1  |w 2017-08-03  |y BK 
999 |c 12045  |d 12045